[Event "Reykjavik op"]
[Site "Reykjavik"]
[Date "1996.??.??"]
[Round "7"]
[White "Hector, Jonny"]
[Black "Nikolic, Predrag"]
[Result "0-1"]
[WhiteElo "2520"]
[BlackElo "2645"]
[Annotator "Tisdall,J"]
[PlyCount "62"]
[EventDate "1996.03.??"]
[EventType "swiss"]
[EventRounds "9"]
[EventCountry "ISL"]
[SourceTitle "CBM 052"]
[Source "ChessBase"]
[SourceDate "1996.06.01"]
[SourceVersion "1"]
[SourceVersionDate "1996.06.01"]
[SourceQuality "1"]

1. e4 e6 2. d4 d5 3. Nc3 Bb4 4. e5 Ne7 5. Bd2 b6 6. Bb5+ {This idea must be
fairly popular, since it is familiar to me even though these positions are not.
White intends Nce2 and c3, when the bishop will re-enter the fray on c2. This
seems very elaborate, and Nikolic appears to have a neutralizing method to
hand.} c6 7. Ba4 Bd7 (7... Ba6 {seems tempting but does nothing to hinder
white's basic plan. Nikolic's method looks very solid and sensible.}) 8. a3 $6
(8. Nce2 Bxd2+ 9. Qxd2 c5 {allows black to reach a very sound position, but
has the advantage of allowing white to do the same. As always, Hector aims for
more, with the usual risks involved.}) 8... Bxc3 9. Bxc3 c5 10. Bb3 Bb5 {
Now this is a natural and effective outpost as white can hardly block the
diagonal and monitor pressure on d4. White's bishops make a particularly
awkward picture.} 11. f4 {This exposes white further, but white will have to
worry about his e5 pawn as soon as pressure on the d-pawn increases. It would
be nice to find something else here, but good advice is hard to find. Black's
idea is clear, gang up on d4. White must try to keep his center intact and
find a place for his king.} Nbc6 12. Nf3 Nf5 13. Qd2 Nh4 {One of those simple,
effective moves - black removes the sturdiest defender and leaves white with
his handicapped bishop pair.} 14. Nxh4 Qxh4+ 15. g3 Qh5 16. Kf2 {Black was
threatening to take on d4 and} (16. Qd1 Qf5 {is no improvement.}) 16... Rc8 17.
Rae1 {Both} (17. a4 Ba6 18. a5 cxd4 19. Bxd4 Nxa5 {or} (19... Nxd4 20. Qxd4
Qe2+ 21. Kg1) 20. Bc3 {leave white grovelling.}) 17... O-O 18. Qd1 (18. Kg2 {
looks a bit safer. Black has several ways to step up the pressure. First, he
can try exchanging on d4 followed by ...Bc4, or first doubling rooks on the
c-line.}) 18... Qh3 19. Re3 h5 {Black of course prevents g4. Hector has had
enough of this suffering and tries shedding pawns to open lines on the
kingside.} 20. Rg1 $5 {A very clever attempt to generate counterplay. My basic
feeling is that this really can not work, but it does create some chaos.} cxd4
$1 {Black improves his position before cashing in. If} (20... Qxh2+ 21. Rg2 Qh3
22. g4 (22. dxc5 bxc5 23. g4 Qh4+ 24. Kg1 {and suddenly white's bishop can
drop back to e1 and some counterplay has been generated.}) 22... Qh4+) 21. Bxd4
Nxd4 22. Qxd4 Bc4 23. Qd1 (23. Bxc4 Rxc4 {followed by doubling on the c-line
and taking on h2 leaves white without a ghost of a threat.}) 23... Bxb3 24.
Rxb3 Qxh2+ 25. Rg2 Qh3 26. g4 Qh4+ 27. Kg1 Rc4 28. Rbg3 Rfc8 {Hector has
conjured up a few ghosts, but Nikolic has no fear of phantoms.} (28... Rxf4 29.
gxh5 Kh8 {was a serious alternative, and perhaps simpler, since the weakness
of f7 creates some counterchances for white.}) 29. gxh5 $2 (29. c3 $5 {looks
to me like the last chance to really raise his position from the dead.} Rxf4 (
29... d4 {is too reckless:} 30. gxh5 dxc3 31. Rxg7+ Kh8 32. Rxf7 {and the
threat of Th7+ forces black to bail out with} Rd4 33. Qxd4 Qe1+ $10) 30. gxh5
Rcc4 (30... Re4 $5 31. Qf1 {seems to give white a strong attack:} (31. Rxg7+
Kh8 32. R7g3 Rxe5 {is very good for black.}) 31... Kh8 (31... Qxh5 $4 32. Rxg7+
Kh8 33. R7g5 $18) 32. Qxf7 Rg8 {and now it is not easy to say whose king is
more exposed, but I guess it is white's.} 33. Qxe6 (33. Qxg8+ {was a
remarkable suggestion from Fritz 4:} Kxg8 34. Rxg7+ Kh8 (34... Kf8 35. Rg8+ Ke7
36. R2g7#) 35. Rg8+ Kh7 36. R2g7+ Kh6 37. Rg3 {but} Qxg3+ 38. Rxg3 Rxe5 {
refutes this, as the program soon noticed.}) 33... Rf8 $1 {favors black.} (
33... Re1+ $2 34. Kf2 Qh1 35. Qh6+ $1)) 31. Rxg7+ Kf8 32. Rg8+ Ke7 {seemed
promising at first sight, but} 33. Rh2 {is surprisingly annoying, for example}
Rg4+ 34. Rxg4 Rxg4+ 35. Kh1 Qg3 36. h6 Qf4 37. Qxg4 Qxg4 38. h7 {and I do not
see a way to win.}) 29... Qxf4 30. Rxg7+ Kh8 31. Kh1 (31. Qd3 Qc1+ {forces Df1
and quick loss for white.}) 31... Rxc2 $1 (31... Rxc2 32. Rxc2 Rxc2 33. Qxc2
Kxg7 34. Qc7 Qh4+ {wins easily enough.}) 0-1

[Event "Olympiad-31"]
[Site "Moscow"]
[Date "1994.12.12"]
[Round "11.4"]
[White "Iordachescu, Viorel"]
[Black "Bricard, Emmanuel"]
[Result "1/2-1/2"]
[WhiteElo "2435"]
[BlackElo "2455"]
[Annotator "Vaisser,A"]
[PlyCount "109"]
[EventDate "1994.12.01"]
[EventType "team-swiss"]
[EventRounds "14"]
[EventCountry "RUS"]
[SourceTitle "CBM 045"]
[Source "ChessBase"]
[SourceDate "1995.04.01"]
[SourceVersion "1"]
[SourceVersionDate "1995.04.01"]
[SourceQuality "1"]
[WhiteTeam "Moldova"]
[BlackTeam "France"]
[WhiteTeamCountry "MDA"]
[BlackTeamCountry "FRA"]

1. e4 e6 2. d4 d5 3. Nc3 Bb4 4. e5 b6 5. a3 (5. Qg4 Bf8) 5... Bxc3+ 6. bxc3 Qd7
(6... Ba6 $6 7. Bxa6 Nxa6 8. Qg4) 7. a4 (7. Qg4 f5) 7... Ba6 8. Bxa6 Nxa6 9.
Qd3 $5 (9. Qg4 f5 10. Qg3 O-O-O) 9... Nb8 10. Qg3 f5 11. h4 (11. a5 $5 Nc6 12.
axb6 cxb6 13. h4 Qf7 14. h5 {Lanka Z. - Novikov V., Vilnius zt 1993}) 11... Nc6
12. Bg5 (12. Ne2) 12... Na5 13. Ne2 Nc4 14. h5 Nh6 15. Nf4 Qf7 16. O-O c6 17.
Qd3 a5 (17... Kd7 $5 18. a5 Nxa5 19. Qa6 Rhb8) 18. Rab1 Kd7 19. Qe2 Qf8 20. Rb3
$6 (20. g3 Qa3 21. Rb3 Qxa4 22. Bxh6 gxh6 23. Rfb1 $44) 20... Nf7 21. Bh4 {[#]}
g5 $1 (21... Rg8 22. Nh3) 22. hxg6 hxg6 23. Nxg6 (23. Bf6 Qh6 $1 24. Nh3 (24.
Bxh8 $2 Rxh8 25. Nh3 Ng5 26. f4 (26. Qd3 Nd2) 26... Nxh3+ 27. gxh3 Qxh3 28. Qg2
Qxg2+ 29. Kxg2 Ne3+ $19) 24... Nd2) 23... Qh6 24. Nxh8 Rxh8 25. g3 Rg8 26. Kh2
Nh8 $1 (26... Kc7 $2 27. Rh1 Nh8 28. Kg2) 27. Rxb6 $1 (27. Rh1 Ng6 28. Kg1 Nxh4
$19) 27... Nxb6 28. Qa6 Ng6 $2 (28... Na8 29. Rb1 Nc7 30. Rb7 Rc8 31. Qxa5 Qf8
$17) 29. Qxb6 $2 (29. Qb7+ $1) 29... Nxh4 $2 (29... Rc8 $1 30. Kh3 (30. Rh1 $2
Nxh4 31. Kg1 Qc1+ 32. Kh2 Nf3+ 33. Kg2 Ne1+ 34. Kf1 Nd3+ 35. Kg2 Nf4+ $1 36.
gxf4 Rg8+ $19) 30... Nxh4 31. gxh4 Qg6 32. Rb1 Qg4+ 33. Kh2 Qxh4+ 34. Kg2 Rg8+
35. Kf1 Qh1+ 36. Ke2 Qe4+ 37. Kd2 Qf4+ 38. Ke2 Qe4+ $10) 30. Qb7+ Ke8 31. Qc8+
Kf7 32. Qd7+ Kf8 33. Rb1 $1 (33. Qd8+ $2 Kf7 34. Qxh4 Qxh4+ 35. gxh4 Rb8 $16)
33... Nf3+ 34. Kg2 Rxg3+ (34... Ne1+ 35. Rxe1) (34... Qh2+ 35. Kxf3 Rxg3+ 36.
fxg3 Qh5+ 37. Ke3 Qg5+ 38. Ke2 Qh5+ 39. Kd2 Qg5+ 40. Kd1) 35. fxg3 $4 (35. Kxg3
Qh4+ (35... f4+ 36. Kxf3 Qh5+ 37. Kxf4 Qh4+ 38. Ke3 Qg5+ 39. Ke2 Qg4+ 40. f3
Qg2+ 41. Ke3 Qg5+ 42. Kf2 $1 Qh4+ (42... Qd2+ 43. Kf1) 43. Ke2 Qh2+ 44. Kd3 $18
) 36. Kxf3 Qe4+ 37. Kg3 Qg4+ 38. Kh2 Qh4+ 39. Kg1 Qg4+ 40. Kf1 Qh3+ 41. Ke2
Qg4+ 42. Kd2 Qf4+ (42... Qg5+ 43. Kd3) 43. Kd1 Qg4+ 44. Kc1 $18) 35... Qd2+ 36.
Kxf3 Qxc3+ 37. Kf4 Qd2+ 38. Kf3 Qc3+ 39. Kg2 Qxc2+ 40. Kh3 Qxb1 41. Qd8+ (41.
Kh4 Qe4+ 42. Kg5 Qe3+ 43. Kg6 $2 (43. Kh5 $10) 43... Qxg3+ 44. Kf6 $2 Qh4+ 45.
Kxe6 (45. Kg6 Qe7 46. Qxc6 Qe8+ $19) 45... Qh6+ 46. Kxf5 Qh3+ $19) 41... Kg7
42. Qf6+ Kh7 43. Qf7+ Kh6 $1 $10 (43... Kh8 $2 44. Kh4 Qe4+ 45. Kg5 Qg4+ 46.
Kf6 $16) 44. Qxe6+ Kh5 45. Qe8+ Kg5 46. Qg8+ Kh6 47. Qe6+ Kh5 48. g4+ Kg5 49.
Qf6+ Kf4 50. Qxf5+ Qxf5 51. gxf5 Kxf5 52. Kg3 c5 53. dxc5 Kxe5 54. Kf3 d4 55.
c6 1/2-1/2

[Event "Olympiad-34"]
[Site "Istanbul"]
[Date "2000.11.08"]
[Round "11.2"]
[White "Hracek, Zbynek"]
[Black "Kallio, Heikki"]
[Result "1/2-1/2"]
[WhiteElo "2612"]
[BlackElo "2451"]
[Annotator "Wells,P"]
[PlyCount "152"]
[EventDate "2000.10.28"]
[EventType "team-swiss"]
[EventRounds "14"]
[EventCountry "TUR"]
[SourceTitle "EXT 2001"]
[Source "ChessBase"]
[SourceDate "2000.11.22"]
[SourceVersion "1"]
[SourceVersionDate "2000.11.22"]
[SourceQuality "1"]
[WhiteTeam "Czech Republic"]
[BlackTeam "Finland"]
[WhiteTeamCountry "CZE"]
[BlackTeamCountry "FIN"]

1. e4 e6 2. d4 d5 3. Nc3 Bb4 4. e5 Qd7 5. a3 Bxc3+ 6. bxc3 b6 7. h4 Ne7 8. h5
h6 9. Qg4 Qc6 10. Rh3 Rg8 11. a4 Ba6 12. Bxa6 Nxa6 13. a5 Qc4 14. Qf4 b5 15.
Ne2 Kd7 16. Rf3 Raf8 17. Ba3 c5 18. dxc5 Qxf4 19. c6+ $6 {This zwischenzug
appears to be based upon a false assumption. After} (19. Rxf4 Nc6 20. Nd4 {
it is not so difficult for black to organise his forces. White's pawns are
potentially weak, but the actual weakness of f7 complicates the task of
accessing them.}) 19... Nxc6 20. Rxf4 Nxe5 $1 {[%mdl 544]} ({Perhaps white was
banking on} 20... Ne7 21. Nd4 {when again white would have a level of activity
which would compensate for the various question-mark hanging over his
structure.}) 21. Bxf8 Rxf8 {Following the material investment, black's pieces
are active, no longer tied down to defensive duties, while white's weaknesses
are exposed.} 22. Nd4 Nc7 23. a6 f5 24. Nf3 Nxf3+ 25. Rxf3 Rf7 26. Rb1 Kc6 27.
Rb4 Nxa6 28. Rg4 Nc7 29. Rg6 Kd6 30. Re3 a5 31. Kd2 Re7 32. Rf3 Rf7 33. Re3 a4
34. Kc1 Re7 35. Rf3 Kd7 36. Kb2 Ne8 37. Ka3 Nf6 38. Kb4 Kd6 39. Rh3 Rb7 40. Re3
d4 41. Re1 Nd5+ 42. Ka3 dxc3 43. Rexe6+ Kc5 44. Rc6+ Kd4 45. Rg3 Ra7 46. Rd3+
Ke5 47. Rc5 b4+ 48. Ka2 Rd7 49. Ra5 b3+ 50. Kb1 Ke6 51. Rxa4 b2 52. g3 Rd6 53.
Ra7 Kf6 54. Ra5 Ke6 55. f3 Rd7 56. Ra6+ Kf7 57. Ra5 Ke6 58. f4 Rd6 59. Raxd5
Rxd5 60. Rxc3 Rd2 61. Re3+ Kf6 62. Rd3 Rh2 63. c4 Ke7 64. c5 Re2 65. Rd5 Ke6
66. Rd6+ Ke7 67. Rg6 Kd7 68. Rxg7+ Kc6 69. Rg6+ Kxc5 70. Rxh6 Rh2 71. Rh8 Kd4
72. h6 Ke4 73. h7 Kf3 74. Ka2 Kf2 75. Kb1 Kf3 76. Ka2 Kf2 1/2-1/2